University Home | Library Home | Institutional Repository

The making of Africa. (Record no. 8414)

MARC details
000 -LEADER
fixed length control field 00603cam3a220021700 4500
001 - CONTROL NUMBER
control field zam00002851
008 - FIXED-LENGTH DATA ELEMENTS--GENERAL INFORMATION
fixed length control field 951128s1971 xx eng u
035 ## - SYSTEM CONTROL NUMBER
System control number (Sirsi) r20190
035 ## - SYSTEM CONTROL NUMBER
System control number (MACHINE)SLC.
100 1# - MAIN ENTRY--PERSONAL NAME
Personal name Ayandele, Emmanuel Ayankanmi.
Linkage A4668.1
245 14 - TITLE STATEMENT
Title The making of Africa.
260 ## - PUBLICATION, DISTRIBUTION, ETC.
Date of publication, distribution, etc. 1971.
591 ## -
-- Class code: H 230.
591 ## -
-- Course: History of modern Africa.
591 ## -
-- School: S05.
591 ## -
-- Lecturer: Dr. MULENGA, M.N.
591 ## -
-- Number of Students: 24.
949 ## - LOCAL PROCESSING INFORMATION (OCLC)
a DT28
w lcc
m MAIN
p 2500
t SHORTLOAN
l SHORTLOAN
909 ## -
-- Book
Holdings
Withdrawn status Lost status Source of classification or shelving scheme Damaged status Not for loan Home library Current library Shelving location Total Checkouts Full call number Barcode Date last seen Copy number Price effective from Koha item type
    Library of Congress Classification     Main Library Main Library Academic reserves/Short loan   DT28 65212-1001 08/12/2019 1 08/12/2019 Short Loan material
© 2026 - The University of Zambia Library - Koha v25.11